00385 a2200121 4500001001000000005001700010008004100027245006900068100001800137700002000155773007100175999001700246ART_1176520260410161900.0260409a 10aSome effects of taxation and collective goods in postwar America1 aGevers, Louis1 aProost, Stefaan0 tJournal of public economicsg- Vol. 9, NÂș 2 (abr. 1978)wREV11485 c25811d25811